| 000 | 02287nam a2200637 i 4500 | ||
|---|---|---|---|
| 001 | 991053157274705066 | ||
| 003 | NyNyJPI | ||
| 005 | 20260408203955.0 | ||
| 008 | 250428s2025 pl cho |011 0dpol c | ||
| 009 | b1000006113535 | ||
| 015 | _aUWD 2025/36178 | ||
| 020 |
_a9788366911925 _q(oprawa miękka) |
||
| 035 | _a(PL)b1000006113535 | ||
| 035 | _a(EXLNZ-48OMNIS_NETWORK)9914653517105606 | ||
| 040 |
_aKR U _cKR U _dOLSZT 003 _dWA N _dKR U _dLUBL KUL _dGD U _dTOR U |
||
| 045 | 2 |
_bd1918 _bd2004 |
|
| 046 | _k2025 | ||
| 080 |
_81.1\x _a94(438).08 |
||
| 080 |
_81.2\x _a930.1(438)(091)"19" |
||
| 080 |
_81.3\x _a930.1(438)(091)"20" |
||
| 084 | _a01 | ||
| 245 | 0 | 0 |
_aProfesor Piotr Łossowski : _bhistoryk II Rzeczypospolitej, Litwy i Europy Środkowo-Wschodniej / _credakcja Marek Kornat, Paweł Libera. |
| 246 | 3 | 0 | _aHistoryk II Rzeczypospolitej, Litwy i Europy Środkowo-Wschodniej |
| 250 | _aWydanie I. | ||
| 260 |
_aWarszawa : _bInstytut Historii PAN, _c2025. |
||
| 300 |
_a252 strony : _bfaksymilia, fotografia, portret ; _c24 cm. |
||
| 336 |
_aTekst _btxt _2rdacontent |
||
| 337 |
_aBez urządzenia pośredniczącego _bn _2rdamedia |
||
| 338 |
_aWolumin _bnc _2rdacarrier |
||
| 380 | _aKsiążki | ||
| 380 | _aPublikacje naukowe | ||
| 388 | 1 | _a2001- | |
| 500 | _aRozdziały lub artykuły tej książki skatalogowano pod własnymi tytułami. Dostępne pod tytułem pracy zbiorowej. | ||
| 504 | _aBibliografia prac Piotra Łossowskiego na stronach 225-245. Indeks. | ||
| 600 | 1 | 7 |
_aŁossowski, Piotr _d(1925-2025) _2DBN |
| 648 | 7 |
_a1918-1939 _2DBN |
|
| 648 | 7 |
_a1939-1945 _2DBN |
|
| 648 | 7 |
_a1945-1989 _2DBN |
|
| 648 | 7 |
_a1989-2000 _2DBN |
|
| 648 | 7 |
_a2001- _2DBN |
|
| 648 | 7 |
_a1901-2000 _2DBN |
|
| 650 | 7 |
_aHistoriografia polska _2DBN |
|
| 650 | 7 |
_aHistorycy _2DBN |
|
| 650 | 7 |
_aPolityka międzynarodowa _2DBN |
|
| 650 | 7 |
_aPolityka wewnętrzna _2DBN |
|
| 651 | 7 |
_aEuropa Środkowo-Wschodnia _2DBN |
|
| 651 | 7 |
_aLitwa _2DBN |
|
| 651 | 7 |
_aPolska _2DBN |
|
| 655 | 7 |
_aPublikacja okolicznościowa _2DBN |
|
| 655 | 7 |
_aPraca zbiorowa _2DBN |
|
| 658 | _aHistoria | ||
| 700 | 1 |
_aKornat, Marek _d(1971- ) _eRedakcja |
|
| 700 | 1 |
_aLibera, Paweł _d(1979- ) _eRedakcja |
|
| 710 | 2 |
_aInstytut Historii (Polska Akademia Nauk) _eWydawca _4pbl |
|
| 942 |
_2z _cBK _n0 |
||
| 999 |
_c91085 _d91085 |
||